[Event "European Individual Blitz Chess Championship 2016"]
[Site "?"]
[Date "2016.12.18"]
[Round "26.4"]
[White "Jovanovic, Zoran"]
[Black "Vitiugov, Nikita"]
[Result "0-1"]
[BlackElo "2682"]
[WhiteElo "2585"]
[LiveChessVersion "1.4.7"]

1. e4 {[%clk 0:03:04]} c5 {[%clk 0:03:03]} 2. Nc3 {[%clk 0:03:04]} e6
{[%clk 0:03:04]} 3. Nge2 {[%clk 0:03:03]} a6 {[%clk 0:03:04]} 4. g3
{[%clk 0:03:03]} b5 {[%clk 0:03:04]} 5. Bg2 {[%clk 0:03:04]} Bb7 {[%clk 0:03:04]}
6. O-O {[%clk 0:03:03]} Nc6 {[%clk 0:03:01]} 7. d4 {[%clk 0:03:04]} cxd4
{[%clk 0:02:54]} 8. Nxd4 {[%clk 0:03:05]} Nge7 {[%clk 0:02:38]} 9. Bf4
{[%clk 0:02:23]} Ng6 {[%clk 0:02:34]} 10. Be3 {[%clk 0:02:09]} Nge5
{[%clk 0:02:32]} 11. Nxc6 {[%clk 0:01:54]} Bxc6 {[%clk 0:02:29]} 12. Bd4
{[%clk 0:01:44]} Ng6 {[%clk 0:02:02]} 13. Re1 {[%clk 0:01:39]} f6
{[%clk 0:01:54]} 14. Nd5 {[%clk 0:01:33]} Kf7 {[%clk 0:01:50]} 15. Ne3
{[%clk 0:01:14]} h5 {[%clk 0:01:26]} 16. h4 {[%clk 0:01:15]} Ne5 {[%clk 0:01:16]}
17. f4 {[%clk 0:01:12]} Nc4 {[%clk 0:01:11]} 18. Nxc4 {[%clk 0:01:11]} bxc4
{[%clk 0:01:12]} 19. Bf3 {[%clk 0:01:09]} Qa5 {[%clk 0:01:08]} 20. e5
{[%clk 0:01:04]} Bc5 {[%clk 0:00:59]} 21. Bxc6 {[%clk 0:00:54]} dxc6
{[%clk 0:01:00]} 22. Bxc5 {[%clk 0:00:46]} Qxc5+ {[%clk 0:01:01]} 23. Kg2
{[%clk 0:00:45]} Rad8 {[%clk 0:01:01]} 24. Qe2 {[%clk 0:00:46]} Rd4
{[%clk 0:00:46]} 25. exf6 {[%clk 0:00:34]} Qd5+ {[%clk 0:00:47]} 26. Kh3
{[%clk 0:00:25]} Rd2 {[%clk 0:00:48]} 27. Qe4 {[%clk 0:00:25]} gxf6
{[%clk 0:00:45]} 28. Rac1 {[%clk 0:00:19]} a5 {[%clk 0:00:25]} 29. Re3
{[%clk 0:00:17]} f5 {[%clk 0:00:18]} 30. Qf3 {[%clk 0:00:11]} a4 {[%clk 0:00:13]}
31. b3 {[%clk 0:00:08]} Qxf3 {[%clk 0:00:09]} 32. Rxf3 {[%clk 0:00:09]} Ra8
{[%clk 0:00:06]} 33. bxc4 {[%clk 0:00:07]} Rb8 {[%clk 0:00:04]} 34. Rd3
{[%clk 0:00:05]} Re2 {[%clk 0:00:04]} 35. a3 {[%clk 0:00:03]} Rb2
{[%clk 0:00:05]} 36. Rd6 {[%clk 0:00:03]} Ra2 {[%clk 0:00:05]} 37. Rxc6
{[%clk 0:00:04]} Rxa3 {[%clk 0:00:06]} 38. Ra6 {[%clk 0:00:05]} Ree3
{[%clk 0:00:06]} 39. Rg1 {[%clk 0:00:07]} Rec3 {[%clk 0:00:07]} 40. Ra7+
{[%clk 0:00:07]} Kf6 {[%clk 0:00:09]} 41. Rh7 {[%clk 0:00:09]} Kg6
{[%clk 0:00:09]} 42. Re7 {[%clk 0:00:10]} Kf6 {[%clk 0:00:10]} 43. Rh7
{[%clk 0:00:11]} Kg6 {[%clk 0:00:09]} 44. Re7 {[%clk 0:00:13]} Kf6
{[%clk 0:00:10]} 45. Rh7 {[%clk 0:00:14]} Kg6 {[%clk 0:00:09]} 46. Re7
{[%clk 0:00:15]} Re3 {[%clk 0:00:10]} 47. Ra7 {[%clk 0:00:14]} Re2
{[%clk 0:00:09]} 48. Rc1 {[%clk 0:00:12]} Re4 {[%clk 0:00:08]} 49. c5
{[%clk 0:00:11]} Rc3 {[%clk 0:00:08]} 50. Ra5 {[%clk 0:00:08]} Ree3
{[%clk 0:00:08]} 51. Rg1 {[%clk 0:00:08]} a3 {[%clk 0:00:09]} 52. Rg2
{[%clk 0:00:06]} Kf6 53. Rg1 Rxc2 {[%clk 0:00:09]} 54. Rd1 Ke5 0-1

[Event "European Individual Blitz Chess Championship 2016"]
[Site "?"]
[Date "2016.12.18"]
[Round "26.5"]
[White "Ponkratov, Pavel"]
[Black "Anton Guijarro, David"]
[Result "1/2-1/2"]
[BlackElo "2600"]
[WhiteElo "2657"]
[LiveChessVersion "1.4.7"]

1. d4 {[%clk 0:03:03]} Nf6 {[%clk 0:03:03]} 2. c4 {[%clk 0:03:04]} e6
{[%clk 0:03:04]} 3. g3 {[%clk 0:03:04]} Bb4+ {[%clk 0:02:57]} 4. Nd2
{[%clk 0:03:04]} c5 {[%clk 0:02:55]} 5. a3 {[%clk 0:03:03]} Bxd2+
{[%clk 0:02:54]} 6. Qxd2 {[%clk 0:03:04]} cxd4 {[%clk 0:02:53]} 7. Qxd4
{[%clk 0:03:05]} Nc6 {[%clk 0:02:47]} 8. Qd1 {[%clk 0:02:55]} b6 {[%clk 0:02:47]}
9. Bg2 {[%clk 0:02:50]} Bb7 {[%clk 0:02:48]} 10. b3 {[%clk 0:02:49]} O-O
{[%clk 0:02:43]} 11. Bb2 {[%clk 0:02:51]} Rc8 {[%clk 0:02:41]} 12. Nh3
{[%clk 0:02:49]} d5 {[%clk 0:02:38]} 13. cxd5 {[%clk 0:02:48]} Na5
{[%clk 0:02:40]} 14. e4 {[%clk 0:02:40]} exd5 {[%clk 0:02:38]} 15. e5
{[%clk 0:02:42]} Ba6 {[%clk 0:02:13]} 16. Nf4 {[%clk 0:02:33]} d4
{[%clk 0:01:44]} 17. b4 {[%clk 0:02:01]} Re8 {[%clk 0:01:29]} 18. e6
{[%clk 0:01:51]} g5 {[%clk 0:01:23]} 19. bxa5 {[%clk 0:01:10]} gxf4
{[%clk 0:01:23]} 20. Bh3 {[%clk 0:01:12]} Qd5 {[%clk 0:01:20]} 21. f3
{[%clk 0:01:01]} Qe5+ {[%clk 0:01:17]} 22. Kf2 {[%clk 0:01:01]} Qe3+
{[%clk 0:01:06]} 23. Kg2 {[%clk 0:01:02]} Be2 {[%clk 0:01:03]} 24. Qxd4
{[%clk 0:01:03]} Bxf3+ 25. Kf1 Qxd4 {[%clk 0:00:25]} 26. Bxd4 {[%clk 0:01:05]}
Bxh1 {[%clk 0:00:26]} 27. Bxf6 {[%clk 0:01:00]} fxe6 {[%clk 0:00:26]} 28. gxf4
{[%clk 0:01:01]} Be4 {[%clk 0:00:22]} 29. Kf2 {[%clk 0:01:00]} Kf7
{[%clk 0:00:21]} 30. Be5 {[%clk 0:00:59]} Rc2+ {[%clk 0:00:17]} 31. Ke3
{[%clk 0:01:00]} Bf5 {[%clk 0:00:12]} 32. Bf1 {[%clk 0:01:01]} Rxh2
{[%clk 0:00:08]} 33. a6 {[%clk 0:01:02]} Rd8 {[%clk 0:00:05]} 34. Rc1
{[%clk 0:01:03]} Rd7 {[%clk 0:00:05]} 35. Rc8 {[%clk 0:00:55]} h5
{[%clk 0:00:05]} 36. Rb8 {[%clk 0:00:47]} Rc2 {[%clk 0:00:04]} 37. Rb7
{[%clk 0:00:47]} Ke8 {[%clk 0:00:04]} 38. Bb5 {[%clk 0:00:48]} Rcd2
{[%clk 0:00:04]} 39. Rxa7 {[%clk 0:00:48]} R2d3+ {[%clk 0:00:04]} 40. Kf2
{[%clk 0:00:47]} Rd2+ {[%clk 0:00:05]} 41. Kg3 {[%clk 0:00:48]} Be4
{[%clk 0:00:04]} 42. Rc7 {[%clk 0:00:45]} Ke7 {[%clk 0:00:05]} 43. Bxd7
{[%clk 0:00:44]} Rxd7 {[%clk 0:00:06]} 44. Rc4 {[%clk 0:00:43]} Bd5
{[%clk 0:00:06]} 45. Ra4 {[%clk 0:00:44]} Ba8 {[%clk 0:00:04]} 46. a7
{[%clk 0:00:43]} Kf7 {[%clk 0:00:05]} 47. Bb8 {[%clk 0:00:44]} Kg6
{[%clk 0:00:06]} 48. Rb4 {[%clk 0:00:45]} Rd3+ {[%clk 0:00:06]} 49. Kh2
{[%clk 0:00:40]} h4 {[%clk 0:00:07]} 50. f5+ {[%clk 0:00:33]} Kxf5
{[%clk 0:00:07]} 51. Rxh4 {[%clk 0:00:34]} Rxa3 {[%clk 0:00:08]} 52. Rf4+
{[%clk 0:00:33]} Kg5 {[%clk 0:00:08]} 53. Rb4 {[%clk 0:00:34]} Ra6
{[%clk 0:00:08]} 54. Kg3 {[%clk 0:00:34]} Kf5 {[%clk 0:00:09]} 55. Rb5+
{[%clk 0:00:34]} Kf6 {[%clk 0:00:08]} 56. Kf4 {[%clk 0:00:35]} Ke7
{[%clk 0:00:05]} 57. Rh5 {[%clk 0:00:33]} Ra4+ {[%clk 0:00:06]} 58. Ke3
{[%clk 0:00:34]} Bd5 {[%clk 0:00:04]} 59. Be5 {[%clk 0:00:30]} b5
{[%clk 0:00:05]} 60. Rh7+ {[%clk 0:00:31]} Ke8 {[%clk 0:00:06]} 61. Kd2
{[%clk 0:00:29]} b4 {[%clk 0:00:07]} 62. Bd6 {[%clk 0:00:23]} Ra2+
{[%clk 0:00:06]} 63. Kd3 {[%clk 0:00:23]} b3 {[%clk 0:00:07]} 64. Be5
{[%clk 0:00:16]} Kf8 {[%clk 0:00:05]} 65. Rc7 {[%clk 0:00:15]} Ke8
{[%clk 0:00:06]} 66. Bf6 {[%clk 0:00:14]} b2 {[%clk 0:00:05]} 67. Bxb2
{[%clk 0:00:12]} Rxb2 {[%clk 0:00:05]} 68. Rc8+ {[%clk 0:00:12]} Kd7
{[%clk 0:00:06]} 69. a8=Q {[%clk 0:00:12]} Bxa8 {[%clk 0:00:07]} 70. Rxa8
{[%clk 0:00:13]} Kd6 {[%clk 0:00:08]} 71. Ra5 {[%clk 0:00:13]} e5
{[%clk 0:00:07]} 72. Ke3 {[%clk 0:00:14]} Ke6 {[%clk 0:00:09]} 73. Ra8
{[%clk 0:00:13]} Rb3+ {[%clk 0:00:09]} 74. Ke2 {[%clk 0:00:14]} Kf5
{[%clk 0:00:10]} 75. Ra7 {[%clk 0:00:13]} Kf4 {[%clk 0:00:11]} 76. Ra8
{[%clk 0:00:11]} Rb2+ {[%clk 0:00:12]} 77. Ke1 {[%clk 0:00:12]} e4
{[%clk 0:00:13]} 78. Ra3 {[%clk 0:00:13]} Rg2 {[%clk 0:00:13]} 79. Rb3
{[%clk 0:00:12]} Ke5 {[%clk 0:00:13]} 80. Ra3 {[%clk 0:00:12]} Kd4
{[%clk 0:00:15]} 81. Rb3 {[%clk 0:00:13]} Rc2 {[%clk 0:00:15]} 82. Ra3
{[%clk 0:00:14]} Rb2 {[%clk 0:00:11]} 83. Rh3 {[%clk 0:00:13]} Rb1+
{[%clk 0:00:11]} 84. Ke2 {[%clk 0:00:14]} Rb2+ {[%clk 0:00:11]} 85. Ke1
{[%clk 0:00:15]} Ra2 {[%clk 0:00:11]} 86. Rg3 {[%clk 0:00:13]} e3
{[%clk 0:00:12]} 87. Rg8 {[%clk 0:00:14]} Kd3 {[%clk 0:00:14]} 88. Rd8+
{[%clk 0:00:15]} Ke4 {[%clk 0:00:15]} 89. Rb8 {[%clk 0:00:15]} Ra1+
{[%clk 0:00:14]} 1/2-1/2

[Event "European Individual Blitz Chess Championship 2016"]
[Site "?"]
[Date "2016.12.18"]
[Round "26.20"]
[White "Skytte, Rasmus"]
[Black "Munoz, Miguel"]
[Result "0-1"]
[BlackElo "2651"]
[WhiteElo "2348"]
[LiveChessVersion "1.4.7"]

1. e4 {[%clk 0:03:02]} d5 {[%clk 0:03:03]} 2. exd5 {[%clk 0:03:02]} Qxd5
{[%clk 0:03:04]} 3. Nc3 {[%clk 0:03:03]} Qa5 {[%clk 0:03:05]} 4. d4
{[%clk 0:03:04]} Nf6 {[%clk 0:03:06]} 5. Bc4 {[%clk 0:03:04]} Nc6
{[%clk 0:03:06]} 6. Nge2 {[%clk 0:02:54]} Bg4 {[%clk 0:03:07]} 7. f3
{[%clk 0:02:52]} Be6 {[%clk 0:03:07]} 8. Bxe6 {[%clk 0:02:43]} fxe6
{[%clk 0:03:08]} 9. O-O {[%clk 0:02:39]} O-O-O {[%clk 0:03:08]} 10. a3
{[%clk 0:02:29]} e5 {[%clk 0:03:05]} 11. b4 {[%clk 0:02:29]} Nxb4
{[%clk 0:03:03]} 12. Bd2 {[%clk 0:02:09]} Nc6 {[%clk 0:03:02]} 13. Rb1
{[%clk 0:01:53]} exd4 {[%clk 0:02:24]} 14. Ne4 {[%clk 0:01:16]} Qf5
{[%clk 0:02:24]} 15. N2g3 {[%clk 0:01:12]} Qd5 {[%clk 0:02:24]} 16. a4
{[%clk 0:01:06]} a6 {[%clk 0:02:21]} 17. Rb3 {[%clk 0:01:02]} e5 {[%clk 0:02:15]}
18. Qb1 {[%clk 0:01:03]} b6 {[%clk 0:02:16]} 19. Rxb6 {[%clk 0:00:41]} cxb6
{[%clk 0:02:16]} 20. Qxb6 {[%clk 0:00:42]} Kd7 {[%clk 0:01:21]} 21. c4
{[%clk 0:00:17]} dxc3 {[%clk 0:01:20]} 22. Qb7+ {[%clk 0:00:11]} Ke8
{[%clk 0:01:20]} 23. Bxc3 {[%clk 0:00:12]} Nd4 {[%clk 0:01:15]} 24. Qxa6
{[%clk 0:00:10]} Qc6 {[%clk 0:01:14]} 25. Qa7 {[%clk 0:00:03]} Nxe4
{[%clk 0:01:14]} 26. Nxe4 {[%clk 0:00:04]} Ne2+ {[%clk 0:01:14]} 27. Kh1 Nxc3 0-1

[Event "European Individual Blitz Chess Championship 2016"]
[Site "?"]
[Date "2016.12.18"]
[Round "26.31"]
[White "Tregubov, Pavel V."]
[Black "Neiksans, Arturs"]
[Result "1/2-1/2"]
[BlackElo "2584"]
[WhiteElo "2397"]
[LiveChessVersion "1.4.7"]

1. d4 {[%clk 0:03:03]} Nf6 {[%clk 0:03:03]} 2. c4 {[%clk 0:03:05]} e6
{[%clk 0:03:04]} 3. Nc3 {[%clk 0:03:06]} Bb4 {[%clk 0:03:05]} 4. e3
{[%clk 0:03:08]} O-O {[%clk 0:03:03]} 5. Bd3 {[%clk 0:03:09]} d5 {[%clk 0:03:02]}
6. Nge2 {[%clk 0:03:10]} c5 {[%clk 0:03:00]} 7. cxd5 {[%clk 0:03:10]} cxd4
{[%clk 0:02:59]} 8. exd4 {[%clk 0:03:11]} Nxd5 {[%clk 0:02:57]} 9. O-O
{[%clk 0:03:12]} Nc6 {[%clk 0:02:56]} 10. Nxd5 {[%clk 0:03:12]} exd5
{[%clk 0:02:56]} 11. Nf4 {[%clk 0:03:13]} Bd6 {[%clk 0:02:51]} 12. Re1
{[%clk 0:03:13]} g6 {[%clk 0:02:51]} 13. Be3 {[%clk 0:03:01]} Be6
{[%clk 0:02:50]} 14. Nxe6 {[%clk 0:02:59]} fxe6 {[%clk 0:02:51]} 15. Qg4
{[%clk 0:02:55]} Qf6 {[%clk 0:02:50]} 16. Bb5 {[%clk 0:02:06]} Rac8
{[%clk 0:02:40]} 17. Re2 {[%clk 0:01:51]} a6 {[%clk 0:02:32]} 18. Bxc6
{[%clk 0:01:30]} Rxc6 {[%clk 0:02:33]} 19. Rae1 {[%clk 0:01:25]} Qf5
{[%clk 0:02:33]} 20. h3 {[%clk 0:01:22]} Bb4 {[%clk 0:02:30]} 21. Bd2
{[%clk 0:01:08]} Bxd2 {[%clk 0:01:15]} 22. Rxd2 {[%clk 0:01:09]} Qxg4
{[%clk 0:01:16]} 23. hxg4 {[%clk 0:01:11]} Kf7 {[%clk 0:01:17]} 24. Re3
{[%clk 0:01:05]} Ke7 {[%clk 0:01:15]} 25. Rb3 {[%clk 0:00:55]} b5
{[%clk 0:01:15]} 26. g3 {[%clk 0:00:51]} h5 {[%clk 0:01:15]} 27. gxh5
{[%clk 0:00:52]} gxh5 {[%clk 0:01:16]} 28. Kg2 {[%clk 0:00:53]} Kd6
{[%clk 0:01:13]} 29. Re3 {[%clk 0:00:51]} b4 {[%clk 0:00:51]} 30. Re5
{[%clk 0:00:51]} Rh8 {[%clk 0:00:52]} 31. Kh3 a5 32. Rg5 {[%clk 0:00:48]} a4
{[%clk 0:00:55]} 33. Rg6 {[%clk 0:00:46]} b3 {[%clk 0:00:55]} 34. axb3
{[%clk 0:00:47]} axb3 {[%clk 0:00:57]} 35. Re2 {[%clk 0:00:47]} Kd7
{[%clk 0:00:56]} 36. Re3 {[%clk 0:00:48]} Rb8 {[%clk 0:00:56]} 37. Rh6
{[%clk 0:00:45]} Rbb6 {[%clk 0:00:54]} 38. Rh7+ {[%clk 0:00:45]} Kc8
{[%clk 0:00:55]} 39. Rf3 {[%clk 0:00:43]} Rc7 {[%clk 0:00:50]} 40. Rxh5
{[%clk 0:00:44]} Kb7 {[%clk 0:00:45]} 41. g4 {[%clk 0:00:32]} Rc2
{[%clk 0:00:46]} 42. g5 {[%clk 0:00:31]} Rxb2 43. g6 {[%clk 0:00:32]} Rb1
{[%clk 0:00:39]} 44. g7 {[%clk 0:00:32]} Rg1 {[%clk 0:00:30]} 45. Rg3
{[%clk 0:00:33]} Rxg3+ {[%clk 0:00:31]} 46. fxg3 {[%clk 0:00:33]} b2
{[%clk 0:00:32]} 47. g8=Q {[%clk 0:00:32]} b1=Q {[%clk 0:00:33]} 48. Rh7+
{[%clk 0:00:27]} Ka6 {[%clk 0:00:34]} 49. Qc8+ {[%clk 0:00:29]} Kb5
{[%clk 0:00:29]} 50. Qc5+ {[%clk 0:00:29]} Ka6 {[%clk 0:00:31]} 51. Qc8+
{[%clk 0:00:18]} Kb5 {[%clk 0:00:30]} 52. Qc5+ {[%clk 0:00:14]} Ka6
{[%clk 0:00:32]} 53. Qc8+ {[%clk 0:00:13]} Kb5 {[%clk 0:00:33]} 54. Qc5+
{[%clk 0:00:13]} Ka6 {[%clk 0:00:34]} 55. Qc8+ {[%clk 0:00:10]} 1/2-1/2